[Event "GER-chT Betriebe 17th"]
[Site "Berlin"]
[Date "2017.11.02"]
[Round "1.3"]
[White "Santos, Paulo J"]
[Black "Hein, Andrea"]
[Result "1-0"]
[WhiteElo "1817"]
[BlackElo "1418"]
[PlyCount "71"]
[EventDate "2017.11.02"]
[EventType "team-swiss"]
[EventRounds "7"]
[EventCountry "GER"]
[SourceTitle "EXT 2020"]
[Source "ChessBase"]
[SourceDate "2019.10.17"]
[SourceVersion "1"]
[SourceVersionDate "2019.10.17"]
[SourceQuality "1"]
[WhiteTeam "Muenchen EPA"]
[BlackTeam "Hamburg Baubehoerde II"]
[WhiteTeamCountry "GER"]
[BlackTeamCountry "GER"]

1. e4 e5 2. Nf3 Nc6 3. Nc3 Nf6 4. Bb5 d6 5. d3 Bd7 6. Bg5 Be7 7. 0-0 0-0 8. Re1 Re8 9. Ne2 a6 10. Ba4 h6 11. Bd2 Rb8 12. Ng3 Nh7 13. c3 Ng5 14. Bxg5 Bxg5 15. d4 exd4 16. cxd4 Bf6 17. Rb1 Bg4 18. d5 b5 19. dxc6 bxa4 20. Qxa4 Rb6 21. Nd4 Be6 22. Nxe6 fxe6 23. b3 Qa8 24. Rbc1 Bg5 25. Rc2 Bf6 26. Qc4 Kf8 27. Nh5 d5 28. exd5 exd5 29. Qc5+ Be7 30. Qxd5 Rb5 31. Qf3+ Kg8 32. Rce2 Qd8 33. Ng3 Rd5 34. Re3 Rd6 35. Nf5 Rf6 36. Qg4 1-0

[Event "GER-chT Betriebe 14th"]
[Site "Dresden"]
[Date "2014.11.23"]
[Round "7.4"]
[White "Hein, Andrea"]
[Black "Riess, Bernhard"]
[Result "0-1"]
[WhiteElo "1430"]
[BlackElo "1571"]
[PlyCount "72"]
[EventDate "2014.11.20"]
[EventType "team-swiss"]
[EventRounds "7"]
[EventCountry "GER"]
[SourceTitle "EXT 2020"]
[Source "ChessBase"]
[SourceDate "2019.10.17"]
[SourceVersion "1"]
[SourceVersionDate "2019.10.17"]
[SourceQuality "1"]
[WhiteTeam "Hamburg Baubehoerde II"]
[BlackTeam "Berlin Osram"]
[WhiteTeamCountry "GER"]
[BlackTeamCountry "GER"]

1. d4 c6 2. Nf3 d5 3. e3 Nf6 4. Nc3 Bg4 5. Be2 e6 6. a3 Be7 7. h3 Bxf3 8. Bxf3 Nbd7 9. 0-0 0-0 10. Bd2 Rc8 11. Re1 c5 12. Rc1 c4 13. e4 dxe4 14. Nxe4 b5 15. c3 Nxe4 16. Bxe4 Nf6 17. Bf3 a5 18. Bf4 Bd6 19. Bxd6 Qxd6 20. Re5 Rb8 21. Qd2 Rfd8 22. Rd1 h6 23. Kf1 Nd5 24. Bxd5 exd5 25. Qc1 b4 26. Re2 bxa3 27. bxa3 Rb3 28. Ra2 a4 29. Rdd2 Rdb8 30. Rdb2 Qb6 31. Rxb3 Qxb3 32. Ra1 Qb2 33. Ke1 Rb3 34. Qxb2 Rxb2 35. g3 Kf8 36. h4 Rc2 0-1

[Event "GER-chT Betriebe 14th"]
[Site "Dresden"]
[Date "2014.11.22"]
[Round "6.4"]
[White "Rulfs, Ernst August"]
[Black "Hein, Andrea"]
[Result "1-0"]
[WhiteElo "1598"]
[BlackElo "1430"]
[PlyCount "96"]
[EventDate "2014.11.20"]
[EventType "team-swiss"]
[EventRounds "7"]
[EventCountry "GER"]
[SourceTitle "EXT 2020"]
[Source "ChessBase"]
[SourceDate "2019.10.17"]
[SourceVersion "1"]
[SourceVersionDate "2019.10.17"]
[SourceQuality "1"]
[WhiteTeam "Hamburg Transit II"]
[BlackTeam "Hamburg Baubehoerde II"]
[WhiteTeamCountry "GER"]
[BlackTeamCountry "GER"]

1. Nf3 Nf6 2. g3 Nc6 3. Bg2 d6 4. 0-0 h6 5. d3 e5 6. c4 Bd7 7. a3 Be7 8. b4 Rb8 9. Bb2 a6 10. Nc3 0-0 11. Rc1 Na7 12. d4 exd4 13. Qxd4 Nc6 14. Qd1 Qc8 15. Re1 Re8 16. Nd5 Qd8 17. e4 Bg4 18. h3 Bxf3 19. Qxf3 Ne5 20. Bxe5 dxe5 21. Rcd1 Qc8 22. Qc3 Bd8 23. f4 exf4 24. gxf4 c6 25. Nxf6+ Bxf6 26. Qg3 Qe6 27. e5 Bd8 28. Rd6 Qxc4 29. Rxh6 Re6 30. Rxe6 Qxe6 31. Kh2 Qh6 32. Re3 Bh4 33. Qf3 Rd8 34. f5 Rd4 35. e6 fxe6 36. Rxe6 Qf4+ 37. Qxf4 Rxf4 38. Re8+ Kf7 39. Rb8 Rxf5 40. Rxb7+ Kf6 41. Bxc6 Rf2+ 42. Bg2 g5 43. Rb6+ Ke5 44. Rxa6 Kd4 45. b5 Kc5 46. a4 Rb2 47. Kg1 Rb1+ 48. Bf1 Rb2 1-0